00600nam a2200217Ia 4500008004100000020001500041050001100056050001400067100002800081245003800109245007100147260001800218260002500236260000900261300001500270300002000285300001000305650002900315700002700344700001100371171120s9999 xx 000 0 und d a9710866222 a899.21 bM445 2005 aMatute, Genoveva Edroza aDiaspora at iba pang mga kwento / cby Genoveva Edroza Matute ; introduction by Bienvenido L. Lumbera. aPhilippines : bNational Book Store, c2005 a98 pages : billustrations ; c22cm. aShort stories, Filipino. aLumbera, Bienvenido L. aTitle.